"Made in America" amerikanismus u české meziválečné avantgardy

Bibliographic Details
Main Author: Fabian, Jeanette (Author)
Other Authors: Kostrbová, Lucie, 1975- (Translator)
Format: Article
Language:Slovak
Czech
German
ISSN:0037-6973
Subjects:

MARC

LEADER 00000nab a2200000 a 4500
001 vtls009168082
003 SK-MaSNL
005 20260304164546.0
008 250507c2007 xo |r|p|||||||000 b|slo
015 |a SNBRB2007/12  |2 snkbucl 
035 |a (uuid)91134474-876a-4df9-8d8b-ffee3f826cf1 
035 |a urn:nbn:sk:snk-abf52m 
035 |a (urnnbn)urn:nbn:sk:snk:ar-004z0g 
038 |a SNKBUCL 
040 |a SNKBUCL  |b slo  |c SNKBUCL  |e AACR2 
041 1 |a cze  |h ger 
044 |a xo  |c SK 
080 |a 008(437):008(73)  |2 2001 
080 |a 7(091)  |x (437)  |x "192/193"  |2 2001 
080 |a 82(091):821.162.3"192/193"  |2 2001 
080 |a 821.162.3  |x (091)  |x "192/193"  |2 2001 
080 |a 82:061.2  |x (437.3)  |x "192/193"  |2 2001 
100 1 |a Fabian, Jeanette  |4 aut  |9 426293 
245 1 0 |a "Made in America"  |b amerikanismus u české meziválečné avantgardy  |c Jeanette Fabian ; z německého originálu přeložila Lucie Kostrbová 
504 |a Bibliogr. odkazy 
610 2 7 |a Devětsil (umelecké združenie : Česko)  |2 snkbucl  |9 455274 
648 7 |a 20. stor., 20.-30. r.  |2 snkbucl  |9 598274 
650 0 7 |a česká kultúra  |x amerikanizácia  |2 snkbucl  |9 1493549 
650 0 7 |a česká literatúra  |x amerikanizácia  |2 snkbucl  |9 1493550 
650 0 7 |a české umenie  |x amerikanizácia  |2 snkbucl  |9 1493551 
650 0 7 |a avantgarda (umenie)  |x české umenie  |x amerikanizácia  |2 snkbucl  |9 1493552 
650 0 7 |a amerikanizácia  |2 snkbucl  |9 4957 
651 7 |a Česko  |2 snkbucl  |9 16753 
700 1 |a Kostrbová, Lucie,  |d 1975-  |4 trl  |9 175406 
773 0 |t Slovenská literatúra  |g Roč. LIV, č. 4 (2007), s. 283-291  |x 0037-6973 
850 |a Slovenská národná knižnica 
852 |a Slovenská národná knižnica 
958 |a article27 
958 |a LX 
958 |a CZ 
958 |a US 
958 |a NB 
958 |a OND 
958 |a EUIPO 
999 |c 2980902  |d 2982832